000 00522nam a2200181Ia 4500
005 20250317125822.0
008 008 250317s9999 xx 000 0 eng d
037 _aTextbook
040 _aFMSL
_beng
_cFMSL
041 _aeng
_2eng
084 _aX:8k N1
_qFMSL
100 _aSahaf M A
_9475064
245 0 _aManagement accounting : Principles and practice
260 _aNew Delhi
_bNew Delhi, Ashish Pub. House
_c1991
300 _a487p
942 _cTB
_hX:8k N1
999 _c1261125
_d1261125